[Event "GRE-chT 45th"]
[Site "Achaia"]
[Date "2017.07.07"]
[Round "6.13"]
[White "Rousis, Chrysostomos"]
[Black "Kanteraki, Maria Myrto"]
[Result "0-1"]
[WhiteElo "1615"]
[BlackElo "1353"]
[PlyCount "132"]
[EventDate "2017.07.03"]
[EventType "team-swiss"]
[EventRounds "7"]
[EventCountry "GRE"]
[SourceTitle "CBM 179 Extra"]
[Source "ChessBase"]
[SourceDate "2017.08.23"]
[SourceVersion "1"]
[SourceVersionDate "2017.08.23"]
[SourceQuality "1"]
[WhiteTeam "Papagou BC"]
[BlackTeam "Chania Kydon AO"]
[WhiteTeamCountry "GRE"]
[BlackTeamCountry "GRE"]

1. e4 d5 2. exd5 Qxd5 3. Nc3 Qd6 4. Bc4 Nf6 5. d3 a6 6. Nge2 b5 7. Bb3 Bb7 8. 0-0 c5 9. f3 Nc6 10. Ne4 Nxe4 11. fxe4 e6 12. Be3 Na5 13. Qe1 Nxb3 14. axb3 Be7 15. Rf3 Bf6 16. Qf2 Rc8 17. Rf1 Qe7 18. Ng3 0-0 19. Nh5 Bxb2 20. Qg3 Kh8 21. d4 f6 22. Rf4 cxd4 23. Rg4 Rf7 24. Bf4 Rc3 25. Rf3 e5 26. Bh6 Rxf3 27. gxf3 g6 28. f4 Bxe4 29. fxe5 Bf5 30. exf6 Qc5 31. Qb8+ Qc8 32. Qxc8+ Bxc8 33. Re4 Bd7 34. Bg7+ Kg8 35. Ng3 d3 36. cxd3 Bxf6 37. Bxf6 Rxf6 38. Rd4 Bf5 39. Nxf5 Rxf5 40. Rd7 Rc5 41. Ra7 Rc3 42. Rxa6 Rxd3 43. Kf2 Rxb3 44. Rb6 Kg7 45. Rb7+ Kh6 46. h4 Rb2+ 47. Ke3 b4 48. Kd3 b3 49. Kc3 Rb1 50. Re7 Rh1 51. Kxb3 Rxh4 52. Kc3 Rf4 53. Kd3 g5 54. Ke3 Rf8 55. Rd7 Kg6 56. Rc7 h5 57. Rc6+ Rf6 58. Rc8 h4 59. Rg8+ Kh5 60. Re8 h3 61. Rd8 h2 62. Rd1 g4 63. Rd5+ Kh4 64. Rd8 Rf5 65. Rd7 h1Q 66. Rd1 Qf3+ 0-1

[Event "GRE-ch U12 Girls"]
[Site "Achaia"]
[Date "2017.07.01"]
[Round "8"]
[White "Kanteraki, Maria Myrto"]
[Black "Gioutsou, Miranta"]
[Result "1-0"]
[WhiteElo "1375"]
[BlackElo "1294"]
[PlyCount "119"]
[EventDate "2017.06.26"]
[EventType "swiss"]
[EventRounds "9"]
[EventCountry "GRE"]
[SourceTitle "CBM 179 Extra"]
[Source "ChessBase"]
[SourceDate "2017.08.23"]
[SourceVersion "1"]
[SourceVersionDate "2017.08.23"]
[SourceQuality "1"]

1. e4 Nf6 2. e5 Nd5 3. c4 Nb6 4. c5 Nd5 5. Nc3 Nxc3 6. dxc3 e6 7. Be3 Be7 8. Nf3 0-0 9. Bd3 d6 10. cxd6 cxd6 11. Bc2 dxe5 12. Nxe5 Qxd1+ 13. Rxd1 Rd8 14. 0-0 f6 15. Rxd8+ Bxd8 16. Rd1 Bc7 17. Nc4 Nc6 18. Be4 f5 19. Bxc6 bxc6 20. Nd6 Ba6 21. f4 Rd8 22. Bc5 Bb6 23. Bxb6 axb6 24. b3 Kf8 25. Rd4 Ke7 26. Ra4 Kxd6 27. Rxa6 b5 28. Kf2 Rd7 29. Ke3 Kd5 30. a4 bxa4 31. Rxa4 Kc5 32. Rc4+ Kd6 33. Rd4+ Kc7 34. Rxd7+ Kxd7 35. Kd4 Kd6 36. b4 h6 37. h4 h5 38. g3 Kd7 39. Ke5 Ke7 40. c4 Kd7 41. Kd4 Kd6 42. c5+ Kd7 43. Kc4 Kc7 44. b5 cxb5+ 45. Kxb5 Kb7 46. Kc4 Kc6 47. Kd4 Kb5 48. Ke5 Kxc5 49. Kxe6 Kd4 50. Kxf5 Ke3 51. g4 g6+ 52. Kg5 Ke4 53. gxh5 gxh5 54. Kxh5 Kf5 55. Kh6 Kf6 56. h5 Kf5 57. Kg7 Kxf4 58. h6 Kf5 59. h7 Ke5 60. h8Q 1-0

[Event "GRE-ch U12 Girls"]
[Site "Achaia"]
[Date "2017.06.30"]
[Round "7"]
[White "Tsekoura, Vaia"]
[Black "Kanteraki, Maria Myrto"]
[Result "0-1"]
[WhiteElo "1116"]
[BlackElo "1375"]
[PlyCount "100"]
[EventDate "2017.06.26"]
[EventType "swiss"]
[EventRounds "9"]
[EventCountry "GRE"]
[SourceTitle "CBM 179 Extra"]
[Source "ChessBase"]
[SourceDate "2017.08.23"]
[SourceVersion "1"]
[SourceVersionDate "2017.08.23"]
[SourceQuality "1"]

1. e4 c5 2. Nc3 e6 3. g3 Nf6 4. Bg2 Nc6 5. d3 d5 6. f4 d4 7. Nce2 e5 8. Nf3 Bd6 9. h3 Qc7 10. 0-0 Nh5 11. f5 h6 12. Bd2 b5 13. Be1 0-0 14. c3 Ne7 15. Rc1 Qb7 16. g4 Nf6 17. Bh4 Nh7 18. g5 hxg5 19. Nxg5 Nxg5 20. Bxg5 f6 21. Bh4 Kf7 22. cxd4 cxd4 23. Qb3+ Ke8 24. Nxd4 Qb6 25. Qxb5+ Bd7 26. Qxb6 axb6 27. Nb3 Rxa2 28. Rb1 Bb5 29. Nc1 Ra4 30. Rf3 Bc5+ 31. Bf2 Bxf2+ 32. Kxf2 Rd4 33. Bf1 Kf7 34. Na2 Rfd8 35. Rd1 Ba4 36. Rc1 Bb3 37. Nc3 g6 38. Nb5 R4d7 39. d4 Ba4 40. Bc4+ Kg7 41. d5 gxf5 42. Rg1+ Kh6 43. exf5 Bxb5 44. Bxb5 Rxd5 45. Be2 Rd2 46. b3 Rg8 47. Rxg8 Nxg8 48. Ke3 Rb2 49. Kf2 Ne7 50. Kg3 Rxe2 0-1

[Event "GRE-ch U12 Girls"]
[Site "Achaia"]
[Date "2017.06.29"]
[Round "6"]
[White "Kanteraki, Maria Myrto"]
[Black "Karavitaki, Evaggelia"]
[Result "0-1"]
[WhiteElo "1375"]
[BlackElo "1690"]
[PlyCount "49"]
[EventDate "2017.06.26"]
[EventType "swiss"]
[EventRounds "9"]
[EventCountry "GRE"]
[SourceTitle "CBM 179 Extra"]
[Source "ChessBase"]
[SourceDate "2017.08.23"]
[SourceVersion "1"]
[SourceVersionDate "2017.08.23"]
[SourceQuality "1"]

1. e4 c5 2. Nf3 e6 3. d4 cxd4 4. Nxd4 a6 5. Bd3 Nf6 6. 0-0 Qc7 7. Kh1 b5 8. f4 g6 9. a4 bxa4 10. Rxa4 Bb7 11. Qe1 Bg7 12. f5 e5 13. Nf3 0-0 14. Qh4 d5 15. Nc3 d4 16. Ne2 Nbd7 17. g4 Nxe4 18. fxg6 fxg6 19. Bc4+ Kh8 20. Kg1 Nb6 21. Bd3 Nxa4 22. g5 Nac5 23. Ng3 Nxd3 24. Nxe4 Nxc1 25. Rxc1 0-1

[Event "GRE-ch U20 Girls"]
[Site "Chania"]
[Date "2017.01.05"]
[Round "5.5"]
[White "Kanteraki, Maria Myrto"]
[Black "Hrysogelou, Athanasia Panagiota"]
[Result "0-1"]
[WhiteElo "1361"]
[BlackElo "1703"]
[PlyCount "70"]
[EventDate "2017.01.02"]
[EventType "swiss"]
[EventRounds "9"]
[EventCountry "GRE"]
[SourceTitle "EXT 2024"]
[Source "ChessBase"]
[SourceDate "2023.10.10"]
[SourceVersion "1"]
[SourceVersionDate "2023.10.10"]
[SourceQuality "1"]

1. e4 c5 2. Nf3 d6 3. d4 cxd4 4. Nxd4 Nf6 5. Nc3 a6 6. Bg5 Nbd7 7. Bc4 Qc7 8. Bb3 b5 9. a3 Bb7 10. f3 e6 11. Qd2 h6 12. Be3 Nc5 13. Ba2 Be7 14. b4 Ncd7 15. Bxe6 fxe6 16. Nxe6 Qc6 17. Nxg7+ Kf7 18. Nf5 h5 19. Nxe7 Kxe7 20. Rd1 Rhg8 21. Rg1 Ne5 22. Bd4 Ke6 23. Qf4 Rae8 24. Qf5+ Kf7 25. f4 Nf3+ 26. Kf1 Nxd4 27. Rxd4 Qxc3 28. e5 Bxg2+ 29. Rxg2 Qa1+ 30. Kf2 Qxd4+ 31. Kf1 Qd1+ 32. Kf2 Qd2+ 33. Kf3 Qxg2+ 34. Ke3 dxe5 35. fxe5 Qg5+ 0-1

[Event "GRE-ch U20 Girls"]
[Site "Chania"]
[Date "2017.01.02"]
[Round "1.3"]
[White "Louka, Magdalini"]
[Black "Kanteraki, Maria Myrto"]
[Result "1/2-1/2"]
[WhiteElo "1797"]
[BlackElo "1361"]
[PlyCount "84"]
[EventDate "2017.01.02"]
[EventType "swiss"]
[EventRounds "9"]
[EventCountry "GRE"]
[SourceTitle "EXT 2024"]
[Source "ChessBase"]
[SourceDate "2023.10.10"]
[SourceVersion "1"]
[SourceVersionDate "2023.10.10"]
[SourceQuality "1"]

1. e4 e5 2. Nf3 Nc6 3. Nc3 Nf6 4. d4 exd4 5. Nxd4 Bb4 6. Nxc6 bxc6 7. Bd3 0-0 8. 0-0 Re8 9. Bg5 Bxc3 10. bxc3 d5 11. exd5 cxd5 12. Qf3 Re6 13. c4 Bb7 14. Rfd1 h6 15. Bh4 dxc4 16. Be4 Rxe4 17. Rxd8+ Rxd8 18. Bxf6 gxf6 19. Qxf6 Rde8 20. f3 Re2 21. Qc3 Bd5 22. Rb1 Kh7 23. a4 R8e3 24. Qd4 c6 25. Qxa7 Rc3 26. Rc1 Rcxc2 27. Rxc2 Rxc2 28. a5 Ra2 29. Qc5 Kg6 30. h3 Kf6 31. Kf1 Ke6 32. Ke1 Rxg2 33. a6 Ra2 34. a7 Ra6 35. Qe3+ Kd7 36. Kd2 c3+ 37. Kc2 Ra2+ 38. Kc1 Ra1+ 39. Kc2 Ra2+ 40. Kc1 Ra1+ 41. Kc2 Ra2+ 42. Kc1 Ra1+ 1/2-1/2

[Event "EU-ch U10 Girls 26th"]
[Site "Prague"]
[Date "2016.08.20"]
[Round "3"]
[White "Kanteraki, Maria Myrto"]
[Black "Pawicka, Magdalena"]
[Result "0-1"]
[WhiteElo "1368"]
[BlackElo "1501"]
[PlyCount "62"]
[EventDate "2016.08.18"]
[EventType "swiss"]
[EventRounds "9"]
[EventCountry "CZE"]
[SourceTitle "CBM 174 Extra"]
[Source "ChessBase"]
[SourceDate "2016.10.10"]
[SourceVersion "1"]
[SourceVersionDate "2016.10.10"]
[SourceQuality "1"]

1. e4 c5 2. Nf3 e6 3. d4 cxd4 4. Nxd4 a6 5. Nc3 Qc7 6. a3 Nf6 7. f4 d6 8. Be2 Nc6 9. Be3 b5 10. Nxc6 Qxc6 11. Bf3 e5 12. fxe5 dxe5 13. Nd5 Nxd5 14. exd5 Qd7 15. Qe2 Bb7 16. Bf2 Bd6 17. 0-0 0-0 18. g4 Rfe8 19. Be4 Rad8 20. Bh4 Be7 21. Bxe7 Qxe7 22. Qf3 Qc5+ 23. Kh1 Bxd5 24. Bxd5 Qxd5 25. Qxd5 Rxd5 26. Rad1 Red8 27. Rxd5 Rxd5 28. Re1 f6 29. Re2 Kf7 30. Kg2 Ke6 31. Kf3 Rd4 0-1

[Event "GRE-ch U10 Girls"]
[Site "Porto Rio"]
[Date "2016.07.02"]
[Round "7"]
[White "Kiousi, Panagiota"]
[Black "Kanteraki, Maria Myrto"]
[Result "0-1"]
[WhiteElo "1407"]
[BlackElo "1282"]
[PlyCount "100"]
[EventDate "2016.06.28"]
[EventType "swiss"]
[EventRounds "9"]
[EventCountry "GRE"]
[SourceTitle "CBM 173 Extra"]
[Source "ChessBase"]
[SourceDate "2016.08.29"]
[SourceVersion "1"]
[SourceVersionDate "2016.08.29"]
[SourceQuality "1"]

1. d4 Nf6 2. c4 e6 3. Nc3 d5 4. cxd5 exd5 5. Bg5 c6 6. e3 Be7 7. Bd3 Nbd7 8. Qc2 0-0 9. Nge2 Re8 10. 0-0 Nf8 11. a3 Ne4 12. Bxe7 Qxe7 13. Bxe4 dxe4 14. Ng3 f5 15. d5 Qg5 16. dxc6 bxc6 17. Nce2 h5 18. Qxc6 Bd7 19. Qc2 Rac8 20. Qd1 Red8 21. Nd4 Bb5 22. Qb3+ Bc4 23. f4 Qf6 24. Nxh5 Qxd4 25. exd4 Bxb3 26. Ng3 g6 27. h4 Rxd4 28. h5 Rd3 29. Kh2 Kg7 30. hxg6 Kxg6 31. Rac1 Rc2 32. Rxc2 Bxc2 33. Rc1 Bb3 34. Rc6+ Ne6 35. Ne2 Bd5 36. Rd6 Kh5 37. Nc3 Nxf4 38. g3 Rd2+ 39. Kg1 Nh3+ 40. Kh1 Nf2+ 41. Kg1 Nh3+ 42. Kh1 e3+ 43. Nxd5 Kg5 44. Rd8 Nf2+ 45. Kg2 Nd3+ 46. Kf3 e2 47. Rg8+ Kh6 48. Rh8+ Kg7 49. Re8 e1Q 50. Rxe1 Nxe1+ 0-1

[Event "GRE-ch U10 Girls"]
[Site "Rio Achaia"]
[Date "2015.06.30"]
[Round "7.2"]
[White "Kanteraki, Maria Myrto"]
[Black "Papathanasiou, Stefania"]
[Result "1-0"]
[WhiteElo "1074"]
[BlackElo "1249"]
[PlyCount "49"]
[EventDate "2015.06.26"]
[EventType "swiss"]
[EventRounds "9"]
[EventCountry "GRE"]
[SourceTitle "EXT 2024"]
[Source "ChessBase"]
[SourceDate "2023.10.10"]
[SourceVersion "1"]
[SourceVersionDate "2023.10.10"]
[SourceQuality "1"]

1. e4 c5 2. Nf3 e6 3. d4 cxd4 4. Nxd4 Nf6 5. Nc3 d6 6. Be3 a6 7. f3 b5 8. Qd2 Nbd7 9. 0-0-0 b4 10. Nce2 Qc7 11. g4 h6 12. h4 d5 13. g5 hxg5 14. exd5 Nxd5 15. Bxg5 Rb8 16. Bh3 a5 17. Nf4 Qc5 18. Nfxe6 fxe6 19. Nxe6 Qc6 20. Qxd5 Qxd5 21. Rxd5 Bb7 22. Rxa5 Bxf3 23. Re1 Be7 24. Bxe7 Kxe7 25. Nd4+ 1-0

[Event "GRE-ch U10 Girls"]
[Site "Rio Achaia"]
[Date "2015.06.29"]
[Round "5.2"]
[White "Kanteraki, Maria Myrto"]
[Black "Gioutsou, Miranta"]
[Result "0-1"]
[WhiteElo "1074"]
[BlackElo "1268"]
[PlyCount "58"]
[EventDate "2015.06.26"]
[EventType "swiss"]
[EventRounds "9"]
[EventCountry "GRE"]
[SourceTitle "EXT 2024"]
[Source "ChessBase"]
[SourceDate "2023.10.10"]
[SourceVersion "1"]
[SourceVersionDate "2023.10.10"]
[SourceQuality "1"]

1. e4 e5 2. Nf3 Nc6 3. d4 exd4 4. Nxd4 Bc5 5. Be3 Qf6 6. c3 Nge7 7. Bc4 Ne5 8. Be2 0-0 9. 0-0 d6 10. f4 N5c6 11. b4 Bb6 12. a4 a6 13. Na3 Be6 14. Kh1 Ba7 15. Nxe6 fxe6 16. Bxa7 Rxa7 17. b5 axb5 18. axb5 Na5 19. Qc2 d5 20. exd5 Nxd5 21. c4 Ne3 22. Qd2 Nxf1 23. Rxf1 Nb3 24. Qa2 Nd4 25. Bf3 Qxf4 26. Kg1 Qe3+ 27. Qf2 Qxf2+ 28. Rxf2 Rxa3 29. Kf1 Ra1+ 0-1

[Event "GRE-ch U10 Girls"]
[Site "Rio Achaia"]
[Date "2015.06.27"]
[Round "2.1"]
[White "Kanteraki, Maria Myrto"]
[Black "Karavitaki, Evaggelia"]
[Result "0-1"]
[WhiteElo "1074"]
[BlackElo "1373"]
[PlyCount "66"]
[EventDate "2015.06.26"]
[EventType "swiss"]
[EventRounds "9"]
[EventCountry "GRE"]
[SourceTitle "EXT 2024"]
[Source "ChessBase"]
[SourceDate "2023.10.10"]
[SourceVersion "1"]
[SourceVersionDate "2023.10.10"]
[SourceQuality "1"]

1. e4 c5 2. Nf3 e6 3. d4 cxd4 4. Nxd4 Nf6 5. Nc3 d6 6. Be3 a6 7. f3 b5 8. Qd2 Nbd7 9. Qf2 Bb7 10. 0-0-0 Rc8 11. g4 Ne5 12. Bf4 Nfd7 13. Qg3 Qc7 14. Bxe5 dxe5 15. Ndxb5 axb5 16. Bxb5 Bc6 17. Bxc6 Qxc6 18. Rd3 Be7 19. Rhd1 Nc5 20. R3d2 Bg5 21. Qxe5 Bxd2+ 22. Rxd2 0-0 23. h4 Rfd8 24. Rxd8+ Rxd8 25. a3 Qb6 26. b4 Nd7 27. Qb5 Qc7 28. Na4 Rc8 29. c3 Ne5 30. Qe2 Nc4 31. Qa2 Qf4+ 32. Kb1 Qxf3 33. Nc5 Qd1# 0-1